Statistics for Countries With The Highest Average IQ

Click here to take the quiz!

General Stats

  • This quiz has been taken 65 times
  • The average score is 11 of 15

Answer Stats

Average IQCountry% Correct
104.2Japan
97%
104.6South Korea
95%
105.8China
93%
99.1United Kingdom
92%
107.1Singapore
88%
100.4Canada
87%
99.2Australia
83%
104.6Taiwan
82%
100.9Finland
77%
100.4Netherlands
75%
100.2Switzerland
75%
99.3Belgium
72%
99.4Estonia
40%
100.3Liechtenstein
38%
100Mongolia
27%

Score Distribution

Percentile by Number Answered

Percent of People with Each Score

Your Score History

You have not taken this quiz